جنكيز خان : (رقم التسجيلة. 25486)

تفاصيل مارك
000 -الفاتح
حقل البيانات ثابتة الطول 00782nam a22002177a 4500
003 - محدد رقم الضبط
رقم الضبط OSt
005 - وقت وتاريخ اخر تعامل مع التسجيلة
رقم الضبط 20150408114056.0
008 - عناصر البيانات ثابتة الطول - معلومات عامة
حقل البيانات ثابتة الطول 120731s2012 ua g b 000 0 ara d
020 ## - الرقم الدولى المعيارى للكتب
الرقم الدولى المعيارى للكتاب 9789774362911
040 ## - مصدر الفهرسة
وكالة الفهرسة الأصلية MU
082 ## - رقم تصنيف ديوى العشرى
رقم الطبعة 21
رقم التصنيف 923.1
رقم المادة ص ص ج
100 ## - المدخل الرئيسى - إسم شخصى
الإسم الشخصى الصاوي، الصاوي محمد.
9 (RLIN) 16863
245 ## - بيان العنوان
العنوان جنكيز خان :
بقية العنوان فاتح العالم /
بيان المسئوليه,etc الصاوي محمد الصاوي.
250 ## - بيان الطبعة
بيان الطبعة ط. 1.
260 ## - PUBLICATION, DISTRIBUTION, ETC. (IMPRINT)
مكان الناشر او الموزع القاهرة :
اسم الناشر او الموزع مكتبة النافذة،
تاريخ النشر أو التوزيع 2012.
300 ## - الوصف المادى
التعداد 240 ص. ؛
أبعاد الوعاء 24 سم.
504 ## - تبصرة ببليوجرافية
تبصرة ببليوجرافية,الخ ببليوجرافية : ص. 221-227.
600 ## - المدخل الاضافى بالموضوع-اسم شخصى
الإسم الشخصى جنكيز خان،
العنوان والكلمات الأخرى المصاحبة للاسم إمبراطور المغول،
التواريخ المصاحبة للاسم 1162-1227
9 (RLIN) 16864
650 ## - المدخل الاضافى بالموضوع-مصطلح موضوعى
مصطلح موضوعي أو اسم جغرافي كعنصر مدخل المغول والتتار
التقسيم الفرعي الشكلي تراجم.
التقسيم الفرعي العام ملوك وحكام.
9 (RLIN) 16865
942 ## - عناصر المدخل الإضافي( كوها)
مصدر التصنيف او مخطط الترفيف Dewey Decimal Classification
Koha [default] item type DVD
المقتنيات
حالة الفقد نموذج السعر الفعال حالة تلف ليس للاعارة رقم الطلب رقم النسخة تاريخ الاكتساب الموقع الحالي الباركود الفرع الرئيسي Date last seen نوع المادة فى نظام كوها مصدر التصنيف او خطة الترفيف Total Checkouts Date last checked out
  2013-03-10     923.1 ص ص ج ن.1 2012-07-31 المكتبة المركزية بالمجمعة (CL) 00108533 المكتبة المركزية بالمجمعة (CL) 2013-03-10 كتاب Dewey Decimal Classification    
  2013-03-10     923.1 ص ص ج ن.2 2012-07-31 المكتبة المركزية بالمجمعة (CL) 00108534 المكتبة المركزية بالمجمعة (CL) 2013-03-10 كتاب Dewey Decimal Classification    
  2013-03-10     923.1 ص ص ج ن.3 2012-07-31 المكتبة المركزية بالمجمعة (CL) 00108535 المكتبة المركزية بالمجمعة (CL) 2013-03-10 كتاب Dewey Decimal Classification    
  2013-03-10     923.1 ص ص ج ن.1 2012-07-31 قسم الاجراءات الفنية (IC) 00108536 قسم الاجراءات الفنية (IC) 2015-09-07 كتاب Dewey Decimal Classification 1 2015-08-30
  2013-03-10     923.1 ص ص ج ن.2 2012-07-31 قسم الاجراءات الفنية (IC) 00108537 قسم الاجراءات الفنية (IC) 2015-10-25 كتاب Dewey Decimal Classification 1 2015-09-16
  2013-03-10     923.1 ص ص ج ن.1 2012-07-31 قسم الاجراءات الفنية (IC) 00108538 قسم الاجراءات الفنية (IC) 2013-03-10 كتاب Dewey Decimal Classification    
  2013-03-10     923.1 ص ص ج ن.2 2012-07-31 قسم الاجراءات الفنية (IC) 00108539 قسم الاجراءات الفنية (IC) 2013-03-10 كتاب Dewey Decimal Classification